Sports Quiz

Random Sports or NHL Quiz

NHL Top Goal Scorers (1990s) Quiz Stats

 Plays Quiz Updated Nov 13, 2015

Challenge
Share
Tweet
Embed
Score 0/40 Timer 10:00
1 Play Today
Goals Player % Correct
536Brett Hull
90.5%
387Jaromir Jagr
89.5%
313Mario Lemieux
86.4%
398Steve Yzerman
83.8%
380Joe Sakic
80.2%
349Mike Modano
74.7%
292Mark Messier
73.7%
290Eric Lindros
72.3%
325Pavel Bure
71.7%
346Teemu Selanne
66.9%
369Jeremy Roenick
66.3%
406Brendan Shanahan
66.3%
328Mats Sundin
65.4%
409Luc Robitaille
64.8%
301Sergei Fedorov
61.4%
353Alexander Mogilny
56.8%
360Mark Recchi
56.2%
337Peter Bondra
55.8%
309John LeClair
55.1%
375Theoren Fleury
54.5%
Goals Player % Correct
276Pat LaFontaine
53.5%
294Keith Tkachuk
49.5%
333Joe Nieuwendyk
47.6%
301Kevin Stevens
46.7%
375Pierre Turgeon
45.5%
350Dave Andreychuk
44.4%
282Rod Brind'Amour
41.5%
290Tony Amonte
41.4%
304Mike Gartner
37.7%
309Vincent Damphousse
36.6%
286Adam Graves
32.7%
264Dino Ciccarelli
31.4%
330Pat Verbeek
30.8%
274Gary Roberts
28.6%
301Rick Tocchet
24.8%
291Stephane Richer
22.6%
288Steve Thomas
20.6%
275John MacLean
17%
297Ray Sheppard
17%
264Dave Gagner
12.9%

You're not logged in!

Compare scores with friends on all Sporcle quizzes.
Join for Free
OR
Log In

You Might Also Like...

Show Comments

Extras

Top Quizzes Today


Score Distribution

Your Account Isn't Verified!

In order to create a playlist on Sporcle, you need to verify the email address you used during registration. Go to your Sporcle Settings to finish the process.

Report this User

Report this user for behavior that violates our Community Guidelines.

Details: